000 00380 a2200169 4500
001 184247
020 _a85-08-06757-7
040 _cMagnum
100 _aGoudet, François
240 1 0 _aEu te odeio, Mozart!
_lpor
245 1 0 _aEu te odeio, Mozart!
300 _a152
362 0 _a1998
440 1 _aÁtica
697 _aLITERATURA INFANTO-JUVENIL ESTRANGEIRA
942 _cBK
999 _c184247
_d184247